Normal view
MARC view
- Behavioral Medicine
Entry Topical Term
001 - CONTROL NUMBER
- control field: 125944
003 - CONTROL NUMBER IDENTIFIER
- control field: NUST
005 - DATE AND TIME OF LATEST TRANSACTION
- control field: 20240920161506.0
008 - FIXED-LENGTH DATA ELEMENTS
- fixed length control field: 240920|| aca||aabn | a|a d
040 ## - CATALOGING SOURCE
- Original cataloging agency: NUST
- Transcribing agency: NUST
150 ## - HEADING--TOPICAL TERM
- Topical term or geographic name entry element: Behavioral Medicine
- General subdivision: methods
670 ## - SOURCE DATA FOUND
- Source citation: Work cat.: (NUST)611520: Iqbal, Mubasher 125943, Behavioral sciences:, 2018.
